twenty one pilots songs by first lyric - Statistics

General Stats
  • This quiz has been taken 143 times
  • The average score is 57 of 91
Answer Stats
Hint Answer % Correct
Puttin' on a ____ ____ Drum Show
95%
I'm a _____, somebody catch my breath Goner
88%
Sippin' on straight ______ Chlorine
86%
There's an infestation in my mind's imagination Heavydirtysoul
83%
Square up with me City Walls
79%
Sometimes you gotta bleed to know Tear in My Heart
79%
I ponder of something great Car Radio
78%
Scared of my own image Doubt
78%
I'm ____ ____, I've been around Fairly Local
78%
She asked me, "Son, when I grow old... House of Gold
78%
I can't believe how much I hate Jumpsuit
78%
They say, "Stay in your ____, ___," ____, ___ Lane Boy
78%
I know where you stand, silent in the ____ Trees
78%
A little softer than I used to be Center Mass
76%
I wish I found some better sounds no one's ever heard Stressed Out
76%
Oh, I know how to _______ up off my feet Levitate
75%
I lost my rank and title Tally
75%
__ ___ ______ ____ __ __ because it's what we want to see We Don't Believe What's on TV
75%
I feel like _______ Garbage
74%
I wanted to fly One Way
74%
I don't want anyone, know me or not At The Risk Of Feeling Dumb
73%
Welcome to the new way of living Lavish
73%
Stand up straight now Next Semester
73%
East is up, I'm fearless when I hear this on the low Nico and the Niners
73%
Welcome back to Trench Overcompensate
73%
___ ____ moves me RAWFEAR
73%
I could take the high road Bandito
71%
We come for you, __ _______ No Chances
71%
Slow down on Monday Saturday
71%
I check the doors, check the windows, and pulled the blinds The Contract
71%
When the leader of the bad guys sang The Judge
71%
When everyone you thought you knew My Blood
70%
Walk the layout, ________ __ ___ _____ Routines In The Night
70%
I'm taking over my body, back in control, no more shotty Holding on to You
69%
__, __. _______, my pretty sleeper Oh Ms Believer
68%
I can't be alone; guess I never told you so Paladin Strait
68%
Now the night is coming to an end Truce
68%
Can't believe you're gone for good Cottonwood
66%
I am starting it all over once again Intentions
66%
Only consistency in your periphery Oldies Station
66%
You are ________ to me Formidable
64%
Reaching out on my way home Midwest Indigo
64%
You were one of those classic ones Legend
63%
I don't know why, I just feel I'm better off Not Today
63%
Night falls with gravity, the earth turns from sanity Semi-Automatic
63%
Rat race, place to place, adding weight Backslide
61%
A loser hides behind a mask of my disguise Message Man
61%
Keep your bliss, there's nothing wrong with this Mulberry Street
61%
Help me _______, help me _______, help me down Polarize
60%
You can have all I've made and all I've ever known Downstairs
59%
I do not know why I would go in front of you and hide my soul Screen
59%
You know, I've always been collected, calm and chill Smithereens
59%
I'll keep on tryin', might as well Cut My Lip
58%
I know what you think in the morning Guns For Hands
58%
I'm tired of tending to this fire Leave the City
58%
I wake up fine and dandy Ode to Sleep
58%
Take inventory of his life Redecorate
58%
When I get home, you better not be there Shy Away
58%
I'm already bored, I'm pretty sure I've seen this one before The Outside
58%
Your grandpa died when you were nine The Pantaloon
58%
I don't fall slow like I used to Air Catcher
56%
Panic on the brain, world has gone insane Level of Concern
56%
There's miles of land in front of us March To the Sea
56%
Am I the only one I know Migraine
56%
Got a bad feeling that I'm about to break Snap Back
56%
Seems I get in my own way The Craving
56%
I feel for you, but when did you believe you were alone Friend, Please
55%
Not sure when it started Vignette
55%
I can feel my saturation leaving me slowly Good Day
53%
Can't stop thinking about if and when I'd die Morph
53%
The air begins to feel a little thin A Car, a Torch, a Death
51%
Hello, we haven't talked in quite some time Addict With A Pen
51%
I don't bother anyone Choker
51%
I am on an island, no one to confide Pet Cheetah
51%
I can't take them on my own, my own The Run and Go
51%
What's my problem? Neon Gravestones
50%
You should ______ ______ ______, ___ Bounce Man
49%
A shadow tilts its head at me Hometown
49%
Sometimes I feel cold, even paralyzed The Hype
49%
I know you're not a liar Implicit Demand For Proof
48%
Now is the climax to the story Isle Of Flightless Birds
48%
I want to drive away, in the night headlights call my name Fake You Out
46%
They keep me company Robot Voices
46%
He wakes up early today Trapdoor
46%
He stays home from work this time Johnny Boy
45%
I wanna fall inside your ghost Taxi Cab
44%
Now that they know information is just a currency Never Take It
43%
Open the slits in your face Before You Start Your Day
40%
I don't wanna ___, ___ ____ Fall Away
39%
Don't know how long it's been Navigating
38%
You say I should chase it Days Lie Dormant
35%
No matching quizzes found
Score Distribution
Percent of People with Each Score
Percentile by Number Answered
Your Score History
You have not taken this quiz